MESTSKÁ KNIŽNICA GIRALTOVCE  - online katalóg 

Normal view MARC view

Entry Personal Name

Number of records used in: 1

001 - CONTROL NUMBER

  • control field: 5393

003 - CONTROL NUMBER IDENTIFIER

  • control field: OSt

005 - DATE AND TIME OF LATEST TRANSACTION

  • control field: 20260107134251.0

008 - FIXED-LENGTH DATA ELEMENTS

  • fixed length control field: 260107|| aca||aabn | a|a d

040 ## - CATALOGING SOURCE

  • Original cataloging agency: OSt
  • Transcribing agency: OSt

100 ## - HEADING--PERSONAL NAME

  • Personal name: Curnick, Pippa

670 ## - SOURCE DATA FOUND

  • Source citation: Work cat.: (OSt)0: Raúf, Onjali Q., 1981- aut 5391, Hrdina z nočného autobusu

Powered by Koha